[Event "DVM U14 2023"]
[Site "Magdeburg GER"]
[Date "2023.12.29"]
[Round "5"]
[White "Kalinin, Alexej"]
[Black "Zhu, Timo Kaiheng"]
[Result "1/2-1/2"]
[Termination "normal"]
[Board "9.3"]
[WhiteElo "1376"]
[BlackElo "1463"]
[WhiteTeam "SSV Vimaria 91 Weimar"]
[BlackTeam "SC Viernheim 1934"]
[PlyCount "46"]
[WhiteFideId "34617167"]
[BlackFideId "34655670"]
[EventCountry "GER"]
[EventRounds "7"]
[EventType "team-swiss"]
[EventDate "2023.12.26"]

1. e4 {[%emt 12:40:14]} e5 {[%emt 00:00:36]} 2. Nc3 {[%emt 00:00:31]} Nc6
{[%emt 00:00:26]} 3. Nf3 {[%emt 00:00:55]} Nf6 {[%emt 00:00:23]} 4. a3 {[%emt
00:02:42]} a6 {[%emt 00:00:59]} 5. d3 {[%emt 00:04:25]} Bc5 {[%emt 00:00:58]}
6. b4 {[%emt 00:06:36]} Ba7 {[%emt 00:00:38]} 7. Bb2 {[%emt 00:01:00]} d6
{[%emt 00:01:24]} 8. Be2 {[%emt 00:11:19]} O-O {[%emt 00:00:16]} 9. O-O {[%emt
00:01:01]} b5 {[%emt 00:04:04]} 10. Qd2 {[%emt 00:12:24]} Bb7 {[%emt 00:01:50]}
11. Rac1 {[%emt 00:07:16]} Rc8 {[%emt 00:03:27]} 12. Qd1 {[%emt 00:05:31]} Kh8
{[%emt 00:05:04]} 13. Nd5 {[%emt 00:04:58]} Ne7 {[%emt 00:01:35]} 14. Nxf6
{[%emt 00:01:28]} gxf6 {[%emt 00:00:09]} 15. Nh4 {[%emt 00:00:55]} Rg8 {[%emt
00:02:53]} 16. Bg4 {[%emt 00:13:53]} Rb8 {[%emt 00:00:56]} 17. Nf5 {[%emt
00:03:49]} Nxf5 {[%emt 00:01:11]} 18. Bxf5 {[%emt 00:00:36]} Qf8 {[%emt
00:00:49]} 19. Qh5 {[%emt 00:03:47]} Qg7 {[%emt 00:00:27]} 20. g4 {[%emt
00:01:08]} Bc8 {[%emt 00:00:38]} 21. h3 {[%emt 00:01:42]} Bxf5 {[%emt
00:00:29]} 22. Qxf5 {[%emt 00:00:13]} Qg6 {[%emt 00:01:34]} 23. Qd7 {[%emt
00:01:54]} Bb6 {[%emt 00:03:08]} 1/2-1/2

[Event "DVM U14 2023"]
[Site "Magdeburg GER"]
[Date "2023.12.29"]
[Round "5"]
[White "Marschall, Julian"]
[Black "Berbig, Georg"]
[Result "0-1"]
[Termination "normal"]
[Board "9.4"]
[WhiteElo "1324"]
[BlackElo "1406"]
[WhiteClock "00:01:24"]
[BlackClock "00:04:32"]
[WhiteTeam "SC Viernheim 1934"]
[BlackTeam "SSV Vimaria 91 Weimar"]
[PlyCount "102"]
[WhiteFideId "34608001"]
[BlackFideId "34640401"]
[EventCountry "GER"]
[EventRounds "7"]
[EventType "team-swiss"]
[EventDate "2023.12.26"]

1. c4 {[%clk 01:30:57]} {[%emt 00:00:02]} e6 {[%clk 01:30:55]} {[%emt
00:00:06]} 2. g3 {[%clk 01:31:16]} {[%emt 00:00:11]} f5 {[%clk 01:31:07]}
{[%emt 00:00:18]} 3. Bg2 {[%clk 01:31:10]} {[%emt 00:00:36]} Nf6 {[%clk
01:31:13]} {[%emt 00:00:24]} 4. Nf3 {[%clk 01:30:57]} {[%emt 00:00:42]} c6
{[%clk 01:29:51]} {[%emt 00:01:53]} 5. O-O {[%clk 01:30:04]} {[%emt 00:01:23]}
Be7 {[%clk 01:26:45]} {[%emt 00:03:36]} 6. d4 {[%clk 01:29:36]} {[%emt
00:00:58]} d5 {[%clk 01:23:46]} {[%emt 00:03:29]} 7. b3 {[%clk 01:26:42]}
{[%emt 00:03:24]} O-O {[%clk 01:22:32]} {[%emt 00:01:44]} 8. Nc3 {[%clk
01:26:23]} {[%emt 00:00:49]} Ne4 {[%clk 01:18:48]} {[%emt 00:04:14]} 9. Bb2
{[%clk 01:23:02]} {[%emt 00:03:50]} Nd7 {[%clk 01:16:28]} {[%emt 00:02:51]} 10.
Ne5 {[%clk 01:11:33]} {[%emt 00:11:58]} Ndf6 {[%clk 00:59:11]} {[%emt
00:17:48]} 11. Qd3 {[%clk 01:06:28]} {[%emt 00:05:35]} c5 {[%clk 00:52:00]}
{[%emt 00:07:41]} 12. cxd5 {[%clk 00:54:06]} {[%emt 00:12:51]} cxd4 {[%clk
00:50:28]} {[%emt 00:02:03]} 13. Qxd4 {[%clk 00:53:04]} {[%emt 00:01:31]} exd5
{[%clk 00:49:01]} {[%emt 00:01:58]} 14. Nxe4 {[%clk 00:46:53]} {[%emt
00:06:40]} Nxe4 {[%clk 00:48:24]} {[%emt 00:01:09]} 15. Nc6 {[%clk 00:30:33]}
{[%emt 00:16:49]} Bf6 {[%clk 00:47:48]} {[%emt 00:01:06]} 16. Nxd8 {[%clk
00:30:38]} {[%emt 00:00:24]} Bxd4 {[%clk 00:48:08]} {[%emt 00:00:11]} 17. Bxd4
{[%clk 00:30:42]} {[%emt 00:00:26]} Rxd8 {[%clk 00:48:21]} {[%emt 00:00:16]}
18. f3 {[%clk 00:30:05]} {[%emt 00:01:06]} Ng5 {[%clk 00:47:25]} {[%emt
00:01:27]} 19. Rac1 {[%clk 00:29:33]} {[%emt 00:01:02]} b6 {[%clk 00:43:56]}
{[%emt 00:03:59]} 20. Bb2 {[%clk 00:27:35]} {[%emt 00:02:27]} Rd7 {[%clk
00:39:52]} {[%emt 00:04:34]} 21. Rfd1 {[%clk 00:25:18]} {[%emt 00:02:46]} Bb7
{[%clk 00:32:52]} {[%emt 00:07:31]} 22. h4 {[%clk 00:24:17]} {[%emt 00:01:30]}
Ne6 {[%clk 00:32:48]} {[%emt 00:00:35]} 23. Rd3 {[%clk 00:20:53]} {[%emt
00:03:54]} d4 {[%clk 00:24:20]} {[%emt 00:08:59]} 24. Rcd1 {[%clk 00:19:02]}
{[%emt 00:02:20]} Ba6 {[%clk 00:23:16]} {[%emt 00:01:34]} 25. R3d2 {[%clk
00:15:42]} {[%emt 00:03:49]} Rad8 {[%clk 00:21:24]} {[%emt 00:02:23]} 26. e3
{[%clk 00:12:40]} {[%emt 00:03:31]} d3 {[%clk 00:18:49]} {[%emt 00:03:07]} 27.
b4 {[%clk 00:09:23]} {[%emt 00:03:47]} Bc4 {[%clk 00:13:29]} {[%emt 00:05:51]}
28. a4 {[%clk 00:08:21]} {[%emt 00:01:30]} Bb3 {[%clk 00:12:26]} {[%emt
00:01:34]} 29. Ra1 {[%clk 00:08:16]} {[%emt 00:00:34]} Rc8 {[%clk 00:10:28]}
{[%emt 00:02:29]} 30. Ra3 {[%clk 00:06:44]} {[%emt 00:02:01]} Rc2 {[%clk
00:08:12]} {[%emt 00:02:46]} 31. Rxc2 {[%clk 00:05:04]} {[%emt 00:02:10]} Bxc2
{[%clk 00:08:34]} {[%emt 00:00:09]} 32. Bc1 {[%clk 00:03:06]} {[%emt 00:02:28]}
d2 {[%clk 00:08:55]} {[%emt 00:00:09]} 33. Bxd2 {[%clk 00:03:29]} {[%emt
00:00:07]} Rxd2 {[%clk 00:09:20]} {[%emt 00:00:05]} 34. Rc3 {[%clk 00:03:42]}
{[%emt 00:00:17]} Bxa4 {[%clk 00:09:18]} {[%emt 00:00:31]} 35. Rc8+ {[%clk
00:03:42]} {[%emt 00:00:30]} Kf7 {[%clk 00:08:55]} {[%emt 00:00:53]} 36. Bh3
{[%clk 00:03:39]} {[%emt 00:00:33]} Kf6 {[%clk 00:07:47]} {[%emt 00:01:38]} 37.
g4 {[%clk 00:03:14]} {[%emt 00:00:54]} Rd8 {[%clk 00:05:39]} {[%emt 00:02:38]}
38. Rc4 {[%clk 00:03:13]} {[%emt 00:00:31]} Bb5 {[%clk 00:05:29]} {[%emt
00:00:40]} 39. Rc3 {[%clk 00:03:14]} {[%emt 00:00:30]} fxg4 {[%clk 00:05:10]}
{[%emt 00:00:49]} 40. fxg4 {[%clk 00:03:17]} {[%emt 00:00:27]} Rd3 {[%clk
00:04:25]} {[%emt 00:01:15]} 41. g5+ {[%clk 00:03:18]} {[%emt 00:00:29]} Ke5
{[%clk 00:04:44]} {[%emt 00:00:11]} 42. Rxd3 {[%clk 00:03:16]} {[%emt
00:00:33]} Bxd3 {[%clk 00:05:07]} {[%emt 00:00:06]} 43. Kf2 {[%clk 00:03:31]}
{[%emt 00:00:15]} Nc7 {[%clk 00:04:51]} {[%emt 00:00:46]} 44. Bd7 {[%clk
00:02:51]} {[%emt 00:01:09]} Nd5 {[%clk 00:04:54]} {[%emt 00:00:28]} 45. b5
{[%clk 00:02:35]} {[%emt 00:00:46]} Nc7 {[%clk 00:05:12]} {[%emt 00:00:12]} 46.
h5 {[%clk 00:02:02]} {[%emt 00:01:03]} Bxb5 {[%clk 00:04:41]} {[%emt 00:01:02]}
47. Bg4 {[%clk 00:01:36]} {[%emt 00:00:55]} Be8 {[%clk 00:03:27]} {[%emt
00:01:44]} 48. h6 {[%clk 00:01:47]} {[%emt 00:00:18]} g6 {[%clk 00:03:45]}
{[%emt 00:00:13]} 49. Bd1 {[%clk 00:01:37]} {[%emt 00:00:40]} Ne6 {[%clk
00:04:05]} {[%emt 00:00:10]} 50. Bb3 {[%clk 00:01:11]} {[%emt 00:00:56]} Nxg5
{[%clk 00:04:11]} {[%emt 00:00:24]} 51. Bg8 {[%clk 00:01:24]} {[%emt 00:00:17]}
Bf7 {[%clk 00:04:32]} {[%emt 00:00:09]} 0-1

[Event "DVM U14 2023"]
[Site "Magdeburg GER"]
[Date "2023.12.29"]
[Round "5"]
[White "Fischer, Lorenz"]
[Black "Uyar, Levin"]
[Result "0-1"]
[Termination "normal"]
[Board "10.1"]
[WhiteElo "1630"]
[BlackElo "1784"]
[WhiteClock "00:29:00"]
[BlackClock "00:18:51"]
[WhiteTeam "SF Tegernheim"]
[BlackTeam "SC Untergrombach 46"]
[PlyCount "70"]
[WhiteFideId "16296710"]
[BlackFideId "16282108"]
[EventCountry "GER"]
[EventRounds "7"]
[EventType "team-swiss"]
[EventDate "2023.12.26"]

1. d4 {[%clk 01:30:58]} {[%emt 00:00:02]} d5 {[%clk 01:30:53]} {[%emt
00:00:06]} 2. Nf3 {[%clk 01:31:25]} {[%emt 00:00:04]} Nf6 {[%clk 01:31:17]}
{[%emt 00:00:05]} 3. e3 {[%clk 01:31:49]} {[%emt 00:00:06]} c5 {[%clk
01:31:35]} {[%emt 00:00:11]} 4. b3 {[%clk 01:32:11]} {[%emt 00:00:09]} cxd4
{[%clk 01:30:08]} {[%emt 00:01:57]} 5. exd4 {[%clk 01:32:39]} {[%emt 00:00:02]}
Nc6 {[%clk 01:30:19]} {[%emt 00:00:19]} 6. Nbd2 {[%clk 01:32:43]} {[%emt
00:00:27]} Bf5 {[%clk 01:30:07]} {[%emt 00:00:42]} 7. Bd3 {[%clk 01:31:52]}
{[%emt 00:01:21]} Bxd3 {[%clk 01:29:44]} {[%emt 00:00:53]} 8. cxd3 {[%clk
01:32:04]} {[%emt 00:00:18]} e6 {[%clk 01:25:16]} {[%emt 00:04:58]} 9. O-O
{[%clk 01:30:40]} {[%emt 00:01:54]} Qb6 {[%clk 01:22:01]} {[%emt 00:03:44]} 10.
Bb2 {[%clk 01:30:00]} {[%emt 00:01:11]} Bd6 {[%clk 01:20:49]} {[%emt 00:01:42]}
11. a3 {[%clk 01:25:52]} {[%emt 00:04:38]} a5 {[%emt 00:10:14]} 12. Qe2 {[%clk
01:23:38]} O-O {[%clk 01:12:04]} {[%emt 00:02:13]} 13. Rac1 {[%clk 01:22:03]}
Rac8 {[%clk 01:02:56]} {[%emt 00:11:43]} 14. Rc2 {[%clk 01:13:28]} Rc7 {[%emt
00:20:48]} 15. Rfc1 {[%emt 00:08:25]} Rfc8 {[%clk 00:42:27]} {[%emt 00:04:31]}
16. Qd1 {[%clk 01:04:17]} Nd7 {[%clk 00:37:33]} {[%emt 00:12:26]} 17. Qe2
{[%clk 01:00:14]} h6 {[%clk 00:30:38]} {[%emt 00:10:01]} 18. h3 {[%clk
00:42:56]} {[%emt 00:15:52]} Nf8 19. g3 {[%clk 00:38:38]} {[%emt 00:08:15]} Ng6
20. Kg2 {[%emt 00:06:49]} Nge7 {[%emt 00:00:05]} 21. Ne5 Nxd4 22. Bxd4 Qxd4
{[%clk 00:26:09]} 23. Ndf3 {[%emt 00:15:50]} Qb6 {[%emt 00:00:12]} 24. Rxc7
Rxc7 25. Rxc7 Qxc7 26. Qb2 Bxe5 27. Nxe5 Nf5 28. b4 a4 29. g4 Nd6 30. b5 Qc5
31. b6 d4 32. Nf3 Qc3 {[%clk 00:18:51]} 33. Qb1 {[%clk 00:29:00]} Qxa3 {[%clk
00:18:51]} 34. Nxd4 {[%clk 00:29:00]} Qc3 {[%clk 00:18:51]} 35. Nb5 {[%clk
00:29:00]} Qc6+ {[%clk 00:18:51]} 0-1

[Event "DVM U14 2023"]
[Site "Magdeburg GER"]
[Date "2023.12.29"]
[Round "5"]
[White "Jung, Niklas"]
[Black "Wittmann, Felix"]
[Result "1-0"]
[Termination "normal"]
[Board "10.2"]
[WhiteElo "1477"]
[BlackElo "1497"]
[WhiteClock "00:29:31"]
[BlackClock "00:55:28"]
[WhiteTeam "SC Untergrombach 46"]
[BlackTeam "SF Tegernheim"]
[PlyCount "117"]
[WhiteFideId "16280601"]
[BlackFideId "34650784"]
[EventCountry "GER"]
[EventRounds "7"]
[EventType "team-swiss"]
[EventDate "2023.12.26"]

1. e4 {[%clk 01:30:54]} {[%emt 00:00:05]} c5 {[%clk 01:30:56]} {[%emt
00:00:05]} 2. Nf3 {[%clk 01:31:17]} {[%emt 00:00:07]} Nc6 {[%clk 01:31:25]}
{[%emt 00:00:03]} 3. d4 {[%clk 01:31:11]} cxd4 {[%clk 01:31:12]} {[%emt
00:01:18]} 4. Nxd4 {[%emt 00:00:23]} g6 5. c4 {[%clk 01:31:56]} Bg7 {[%clk
01:31:28]} {[%emt 00:00:35]} 6. Be3 {[%clk 01:32:15]} {[%emt 00:00:10]} Nf6
{[%clk 01:31:51]} {[%emt 00:00:07]} 7. Nc3 {[%clk 01:32:29]} {[%emt 00:00:16]}
O-O {[%clk 01:31:53]} {[%emt 00:00:27]} 8. Be2 {[%emt 00:00:41]} d6 {[%clk
01:27:25]} {[%emt 00:04:40]} 9. O-O {[%clk 01:32:41]} {[%emt 00:00:25]} Bd7
{[%clk 01:24:40]} {[%emt 00:03:16]} 10. h3 {[%clk 01:31:55]} {[%emt 00:01:14]}
Rc8 {[%clk 01:21:51]} {[%emt 00:03:20]} 11. Rc1 {[%clk 01:30:00]} {[%emt
00:02:25]} a6 {[%clk 01:15:16]} {[%emt 00:07:05]} 12. a3 {[%clk 01:28:43]}
{[%emt 00:01:46]} Nxd4 {[%clk 01:14:11]} {[%emt 00:01:35]} 13. Bxd4 {[%clk
01:28:44]} {[%emt 00:00:28]} Bc6 {[%clk 01:14:20]} {[%emt 00:00:21]} 14. Qc2
{[%clk 01:21:05]} {[%emt 00:08:10]} Qd7 {[%clk 01:11:58]} {[%emt 00:02:52]} 15.
Rfd1 {[%clk 01:19:23]} {[%emt 00:02:10]} Rfd8 {[%clk 01:10:58]} {[%emt
00:01:31]} 16. b4 {[%clk 01:17:48]} {[%emt 00:02:06]} b5 {[%clk 01:07:39]}
{[%emt 00:03:50]} 17. Bb6 {[%clk 01:15:15]} {[%emt 00:02:59]} Re8 {[%clk
01:07:05]} {[%emt 00:01:06]} 18. c5 {[%clk 01:15:30]} {[%emt 00:00:15]} Qb7
{[%clk 01:06:24]} {[%emt 00:01:12]} 19. Bf3 {[%clk 01:14:41]} {[%emt 00:01:19]}
Nd7 {[%clk 01:05:00]} {[%emt 00:01:55]} 20. Ba5 {[%clk 00:43:48]} {[%emt
00:31:23]} dxc5 {[%clk 01:03:35]} {[%emt 00:01:55]} 21. bxc5 {[%clk 00:43:35]}
{[%emt 00:00:42]} Nxc5 {[%clk 01:02:24]} {[%emt 00:01:40]} 22. Nd5 {[%clk
00:43:22]} {[%emt 00:00:44]} Nd7 {[%clk 00:58:32]} {[%emt 00:04:22]} 23. Nc7
{[%clk 00:40:40]} {[%emt 00:03:11]} Rxc7 {[%clk 00:49:58]} {[%emt 00:09:05]}
24. Bxc7 {[%clk 00:40:55]} {[%emt 00:00:15]} Qxc7 {[%clk 00:50:20]} {[%emt
00:00:08]} 25. Qxc6 {[%clk 00:41:16]} {[%emt 00:00:09]} Qxc6 {[%clk 00:50:42]}
{[%emt 00:00:08]} 26. Rxc6 {[%clk 00:41:32]} {[%emt 00:00:14]} Nb8 {[%clk
00:50:09]} {[%emt 00:01:03]} 27. Rc7 {[%clk 00:40:27]} {[%emt 00:01:34]} Be5
{[%clk 00:49:33]} {[%emt 00:01:06]} 28. Rb7 {[%clk 00:34:42]} {[%emt 00:06:15]}
Bd6 {[%clk 00:49:10]} {[%emt 00:00:53]} 29. Ra1 {[%clk 00:31:06]} {[%emt
00:04:01]} Rc8 {[%clk 00:48:49]} {[%emt 00:00:56]} 30. Be2 {[%clk 00:26:41]}
{[%emt 00:04:53]} Rc2 {[%clk 00:47:26]} {[%emt 00:01:54]} 31. Kf1 {[%clk
00:26:22]} {[%emt 00:00:48]} Kg7 {[%clk 00:43:29]} {[%emt 00:04:29]} 32. g3
{[%clk 00:22:35]} {[%emt 00:04:17]} Rb2 {[%clk 00:40:38]} {[%emt 00:03:20]} 33.
Rd1 {[%clk 00:19:58]} {[%emt 00:03:06]} Rb3 {[%clk 00:39:01]} {[%emt 00:02:08]}
34. Rxd6 {[%clk 00:18:30]} {[%emt 00:01:58]} exd6 {[%clk 00:39:10]} {[%emt
00:00:21]} 35. Rxb8 {[%clk 00:18:52]} {[%emt 00:00:08]} Rxa3 {[%clk 00:39:02]}
{[%emt 00:00:39]} 36. Rb6 {[%clk 00:18:02]} {[%emt 00:01:20]} Ra1+ {[%clk
00:38:56]} {[%emt 00:00:36]} 37. Kg2 {[%clk 00:18:18]} {[%emt 00:00:13]} Ra2
{[%clk 00:39:16]} {[%emt 00:00:11]} 38. Bd3 {[%clk 00:18:06]} {[%emt 00:00:41]}
Rd2 {[%clk 00:38:30]} {[%emt 00:01:17]} 39. Bf1 {[%clk 00:17:38]} {[%emt
00:00:56]} Ra2 {[%clk 00:37:43]} {[%emt 00:01:19]} 40. Rxd6 {[%clk 00:17:24]}
{[%emt 00:00:44]} Ra3 {[%clk 00:37:44]} {[%emt 00:01:27]} 41. Rb6 {[%clk
00:16:55]} {[%emt 00:01:00]} Ra4 {[%clk 00:37:24]} {[%emt 00:00:51]} 42. Kf3
{[%clk 00:15:11]} {[%emt 00:02:14]} Kf8 {[%clk 00:36:21]} {[%emt 00:01:34]} 43.
h4 {[%clk 00:12:20]} {[%emt 00:03:21]} Ke7 {[%clk 00:36:07]} {[%emt 00:00:44]}
44. g4 {[%clk 00:07:34]} {[%emt 00:05:16]} Ra3+ {[%clk 00:33:02]} {[%emt
00:03:36]} 45. Kf4 {[%clk 00:05:50]} {[%emt 00:02:10]} Ra1 {[%clk 00:32:54]}
{[%emt 00:00:40]} 46. Bd3 {[%clk 00:05:14]} {[%emt 00:01:04]} Ra3 {[%clk
00:32:42]} {[%emt 00:00:45]} 47. Ke3 {[%clk 00:02:32]} {[%emt 00:03:12]} Ra2
{[%clk 00:30:44]} {[%emt 00:02:28]} 48. h5 {[%clk 00:01:09]} {[%emt 00:01:52]}
Ra3 {[%clk 00:28:43]} {[%emt 00:02:31]} 49. e5 {[%clk 00:30:20]} {[%emt
00:01:18]} Ra4 {[%clk 00:57:52]} {[%emt 00:01:22]} 50. hxg6 {[%clk 00:30:06]}
{[%emt 00:00:44]} hxg6 {[%clk 00:57:22]} {[%emt 00:01:01]} 51. f4 {[%clk
00:28:58]} {[%emt 00:01:38]} Ra3 {[%clk 00:57:03]} {[%emt 00:00:50]} 52. f5
{[%clk 00:29:10]} {[%emt 00:00:17]} gxf5 {[%clk 00:57:14]} {[%emt 00:00:19]}
53. gxf5 {[%clk 00:29:31]} {[%emt 00:00:08]} Ra1 {[%clk 00:57:30]} {[%emt
00:00:15]} 54. Rb7+ {[%clk 00:29:14]} {[%emt 00:00:31]} Ke8 {[%clk 00:57:27]}
{[%emt 00:00:49]} 55. f6 {[%clk 00:29:00]} {[%emt 00:00:44]} Re1+ {[%clk
00:56:34]} {[%emt 00:01:24]} 56. Kd4 {[%clk 00:29:14]} {[%emt 00:00:16]} Rd1
{[%clk 00:56:14]} {[%emt 00:00:51]} 57. Re7+ {[%clk 00:29:33]} {[%emt
00:00:09]} Kf8 {[%clk 00:55:58]} {[%emt 00:00:47]} 58. Ra7 {[%clk 00:29:33]}
{[%emt 00:00:28]} Ke8 {[%clk 00:55:28]} {[%emt 00:01:01]} 59. Rxa6 {[%clk
00:29:31]} {[%emt 00:00:32]} 1-0

[Event "DVM U14 2023"]
[Site "Magdeburg GER"]
[Date "2023.12.29"]
[Round "5"]
[White "Fischer, Quirin"]
[Black "Wettstein, Levin"]
[Result "0-1"]
[Termination "normal"]
[Board "10.3"]
[WhiteElo "1383"]
[BlackElo "1310"]
[WhiteClock "01:41:35"]
[BlackClock "01:33:41"]
[WhiteTeam "SF Tegernheim"]
[BlackTeam "SC Untergrombach 46"]
[PlyCount "70"]
[WhiteFideId "34623787"]
[BlackFideId "34635866"]
[EventCountry "GER"]
[EventRounds "7"]
[EventType "team-swiss"]
[EventDate "2023.12.26"]

1. e4 {[%clk 01:30:58]} {[%emt 00:00:02]} e5 {[%clk 01:30:54]} {[%emt
00:00:05]} 2. Nf3 {[%clk 01:31:25]} {[%emt 00:00:03]} Nc6 {[%clk 01:31:15]}
{[%emt 00:00:09]} 3. Bc4 {[%clk 01:31:48]} {[%emt 00:00:08]} Bc5 {[%clk
01:31:34]} {[%emt 00:00:11]} 4. c3 {[%clk 01:32:14]} {[%emt 00:00:04]} Nf6
{[%clk 01:31:58]} {[%emt 00:00:05]} 5. d4 {[%clk 01:32:40]} {[%emt 00:00:05]}
exd4 {[%clk 01:32:21]} {[%emt 00:00:07]} 6. cxd4 {[%clk 01:33:08]} {[%emt
00:00:02]} Bb4+ {[%clk 01:32:39]} {[%emt 00:00:11]} 7. Nc3 {[%clk 01:33:33]}
{[%emt 00:00:05]} Nxe4 {[%clk 01:32:50]} {[%emt 00:00:18]} 8. O-O {[%clk
01:33:58]} {[%emt 00:00:05]} Bxc3 {[%clk 01:33:02]} {[%emt 00:00:18]} 9. d5
{[%clk 01:34:24]} {[%emt 00:00:05]} Ne5 {[%clk 01:33:21]} {[%emt 00:00:10]} 10.
Nxe5 {[%clk 01:34:35]} {[%emt 00:00:19]} Bxe5 {[%clk 01:33:26]} {[%emt
00:00:25]} 11. Re1 {[%clk 01:34:58]} {[%emt 00:00:07]} Bxh2+ {[%clk 01:31:37]}
{[%emt 00:02:18]} 12. Kxh2 {[%clk 01:35:16]} {[%emt 00:00:12]} Qh4+ {[%clk
01:31:59]} {[%emt 00:00:08]} 13. Kg1 {[%clk 01:35:38]} {[%emt 00:00:09]} Qxf2+
{[%clk 01:32:10]} {[%emt 00:00:18]} 14. Kh1 {[%clk 01:35:59]} {[%emt 00:00:07]}
Qh4+ {[%clk 01:32:24]} {[%emt 00:00:16]} 15. Kg1 {[%clk 01:36:17]} {[%emt
00:00:14]} O-O {[%clk 01:32:31]} {[%emt 00:00:23]} 16. Qd4 {[%clk 01:36:24]}
{[%emt 00:00:22]} Qxe1+ {[%clk 01:31:20]} {[%emt 00:01:41]} 17. Kh2 {[%clk
01:36:44]} {[%emt 00:00:11]} Nf6 {[%clk 01:30:11]} {[%emt 00:01:37]} 18. b3
{[%clk 01:36:36]} {[%emt 00:00:38]} d6 {[%clk 01:29:21]} {[%emt 00:01:21]} 19.
Bb2 {[%clk 01:35:51]} {[%emt 00:01:16]} Qe5+ {[%clk 01:29:44]} {[%emt
00:00:06]} 20. Qxe5 {[%clk 01:36:14]} {[%emt 00:00:08]} dxe5 {[%clk 01:30:07]}
{[%emt 00:00:06]} 21. Bxe5 {[%clk 01:36:41]} {[%emt 00:00:03]} Ng4+ {[%clk
01:30:31]} {[%emt 00:00:06]} 22. Kg1 {[%clk 01:37:01]} {[%emt 00:00:10]} Nxe5
{[%clk 01:30:57]} {[%emt 00:00:04]} 23. Be2 {[%clk 01:37:21]} {[%emt 00:00:10]}
Bg4 {[%clk 01:31:11]} {[%emt 00:00:16]} 24. Bxg4 {[%clk 01:37:43]} {[%emt
00:00:08]} Nxg4 {[%clk 01:31:37]} {[%emt 00:00:04]} 25. Rc1 {[%clk 01:38:05]}
{[%emt 00:00:08]} Rfe8 {[%clk 01:31:54]} {[%emt 00:00:13]} 26. Kf1 {[%clk
01:38:32]} {[%emt 00:00:03]} Re7 {[%clk 01:32:09]} {[%emt 00:00:15]} 27. g3
{[%clk 01:38:47]} {[%emt 00:00:16]} Rd8 {[%clk 01:32:28]} {[%emt 00:00:09]} 28.
Kg2 {[%clk 01:38:58]} {[%emt 00:00:21]} Rxd5 {[%clk 01:32:50]} {[%emt
00:00:09]} 29. Kf3 {[%clk 01:39:24]} {[%emt 00:00:03]} h5 {[%clk 01:32:48]}
{[%emt 00:00:31]} 30. Rh1 {[%clk 01:39:42]} {[%emt 00:00:12]} Re3+ {[%clk
01:32:40]} {[%emt 00:00:37]} 31. Kg2 {[%clk 01:40:11]} {[%emt 00:00:03]} Rd2+
{[%clk 01:32:53]} {[%emt 00:00:18]} 32. Kh3 {[%clk 01:40:37]} {[%emt 00:00:04]}
Nf2+ {[%clk 01:33:10]} {[%emt 00:00:13]} 33. Kh4 {[%clk 01:40:59]} {[%emt
00:00:07]} Nxh1 {[%clk 01:33:30]} {[%emt 00:00:11]} 34. Kg5 {[%clk 01:41:16]}
{[%emt 00:00:13]} Rxg3+ {[%clk 01:33:41]} {[%emt 00:00:19]} 35. Kxh5 {[%clk
01:41:35]} {[%emt 00:00:12]} Rh2# {[%emt 00:01:48]} 0-1